The imperial treasury of the Indian Mughuls /
Saved in:
| Main Author: | |
|---|---|
| Format: | Book |
| Language: | English |
| Published: |
Lahore :
A. Aziz,
1942.
|
| Subjects: | |
| Tags: |
Add Tag
No Tags, Be the first to tag this record!
|
| LEADER | 00841cam a2200265 a 4500 | ||
|---|---|---|---|
| 001 | 001119599-1 | ||
| 005 | 20020606090541.3 | ||
| 008 | 840228s1942 ii b 00110 eng d | ||
| 035 | 0 | |a ocn229476721 | |
| 035 | 1 | |a MAHA84B694 | |
| 040 | |a MH-FA |c MH-FA | ||
| 043 | |a a-ii--- | ||
| 100 | 1 | |a Aziz, Abdul, |d 1884-1970. | |
| 245 | 1 | 4 | |a The imperial treasury of the Indian Mughuls / |c by Abdul Aziz. |
| 260 | 0 | |a Lahore : |b A. Aziz, |c 1942. | |
| 300 | |a xix, a-j, 572 p. ; |c 22 cm. | ||
| 500 | |a Published as v. 2 of the author's The Mughul Indian court and its institutions. | ||
| 504 | |a Includes bibliographical references and index. | ||
| 650 | 0 | |a Jewelry |z India. | |
| 650 | 0 | |a Crown jewels |z India. | |
| 650 | 0 | |a Revenue |z India. | |
| 651 | 0 | |a Mogul Empire. | |
| 730 | 4 | |a The Mughul Indian court and its institutions. | |
| 988 | |a 20020608 | ||
| 906 | |0 MH | ||


